Movies Quiz

Random Movies or Director Quiz

H Pictured Horror Movies Quiz Stats

 Plays Quiz not verified by Sporcle

Score 0/25 Timer 15:00
0 Plays Today
YEAR (contains sequels) Answer % Correct
2000 19.Hollow Man
83.9%
1977 4.The Hills Have Eyes
78.5%
1982 10.Halloween III: Season of the Witch
77.4%
1986 12.The Hitcher
75.3%
1963 3.The Haunting
72%
2005 21.Hostel
71%
1988 16.Hellbound: Hellraiser II
66.7%
2005 22.House of Wax
61.3%
2005 23.Hide and Seek
55.9%
2010 25.Hatchet II
51.6%
1999 18.House on Haunted Hill
49.5%
1981 7.Happy Birthday to Me
48.4%
1944 1.House of Frankenstein
46.2%
YEAR (contains sequels) Answer % Correct
1983 11.The Hunger
40.9%
2003 20.House of the Dead
38.7%
1987 13.'Hello Mary Lou: Prom Night II'
33.3%
1988 15.Howling IV: The Original Nightmare
33.3%
1981 8.Hell Night
31.2%
1987 14.House II: The Second Story
30.1%
1960 2.House of Usher
29%
1981 9.House by the Cemetery
28%
1980 6.Humanoids From the Deep
24.7%
1980 5.He Knows You're Alone
21.5%
2008 24.The Hive
19.4%
1991 17.Highway to Hell
17.2%

You're not logged in!

Compare scores with friends on all Sporcle quizzes.
OR
Log In

Show Comments

Extras

Created Feb 26, 2014ReportNominate
Tags:Director Quiz, horror

Top Quizzes Today


Score Distribution

Your Account Isn't Verified!

In order to create a playlist on Sporcle, you need to verify the email address you used during registration. Go to your Sporcle Settings to finish the process.

Report this User

Report this user for behavior that violates our Community Guidelines.

Details: